00499naa a2200181 a 450000100080000000500110000800800410001910000170006024500660007726000090014365300130015265300180016565300140018365300120019770000200020970000190022977300690024810403292005-10-03 1999 bl uuuu u00u1 u #d1 aBERTONHA, A. aIrrigacao e adubacao nitrogenada na producao de laranja-pera. c1999 aAdubacao aFruta citrica aIrrigacao aLaranja1 aFRIZZONE, J. A.1 aMARTINS, E. N. tActa Scientiarum. Maringa.gv. 21, n. 3, p. 537-542, sept. 1999.